Argentina petrolera 1943; legislación técnica estadística /
Guardado en:
| Autor Principal: | |
|---|---|
| Otros Autores: | |
| Formato: | Libro |
| Publicado: |
Buenos Aires :
Tall. Gr f. Cultura,
1943
|
| Materias: | |
| Etiquetas: |
Agregar Etiqueta
Sin Etiquetas, Sea el primero en etiquetar este registro!
|
| LEADER | 00687nam a22001935a 4500 | ||
|---|---|---|---|
| 001 | CEM.cems004553 | ||
| 005 | 20060216000000.0 | ||
| 008 | 130507s1943##################000#0#####d | ||
| 003 | CEMS | ||
| 082 | 0 | 4 | |a 665.982 |
| 100 | 1 | |a Mozo Sadi, H. | |
| 245 | 1 | 0 | |a Argentina petrolera 1943; legislación técnica estadística / |
| 260 | |a Buenos Aires : |b Tall. Gr f. Cultura, |c 1943 | ||
| 300 | |a 191 p. | ||
| 505 | 0 | |a Historia del caucho.-L tex.-Caucho.-M quinas para la aplicaci¢n del caucho.-Fabricaci¢n de art¡culos de caucho.-Caucho sint'tico. | |
| 653 | |a Petroleo | ||
| 653 | |a Petroleo-argentina | ||
| 700 | 1 | |a Bermejo, Jaime | |
| 859 | |a CEMS |b BIB. CEMS - 11 de abril |h 665.982 |i M878 |p 10043.81 |t Ej.1 | ||
